| 000 | 00745nam a22002057a 4500 | ||
|---|---|---|---|
| 999 |
_c8224 _d8224 |
||
| 003 | AR-CdUCM | ||
| 008 | 190322b ||||| |||| 00| 0 spa d | ||
| 040 |
_aMUNICIPALIDAD PROVINCIAL DEL CUSCO _cBIBLIOTECA MUNICIPAL DEL CUSCO |
||
| 082 |
_23 ed. _a657 / _bB12 |
||
| 100 |
_aRene Bagh, Juan _923160 |
||
| 245 |
_aEnciclopedia omeba de contabilidad : _bFinanzas, economia y direccion de empresas / |
||
| 260 |
_aArgentina : _bOmeba, _c1967. |
||
| 300 |
_a4 tomos ; _c26 cm. _b ilustraciones, fotos, |
||
| 505 | _aContenido : t.1. A - car -- t.2. Car - gan -- t.3. Gan - qui -- t.4. Qui - Zap. | ||
| 650 |
_aTécnica contable _923161 |
||
| 650 |
_aConcepto y desarrollo _923162 |
||
| 650 |
_aCostos _923163 |
||
| 942 |
_2ddc _cLIBROS |
||
| 945 | _arah | ||